[Event "RUS vs. ROW"]
[Site "Moscow RUS"]
[Date "2002.09.08"]
[Round "1"]
[White "Ivanchuk,V"]
[Black "Kasparov,G"]
[Result "1-0"]
[WhiteElo "2711"]
[BlackElo "2838"]
[EventDate "2002.09.08"]

1. e4 c5 2. Nf3 d6 3. d4 cxd4 4. Nxd4 Nf6 5. Nc3 a6 6. Rg1 g6 7. g4 Bg7 8.
Be3 Nc6 9. f3 e5 10. Nxc6 bxc6 11. Qd2 Be6 12. O-O-O Bf8 13. Na4 h5 14. h3
Nd7 15. Qc3 hxg4 16. hxg4 d5 17. Qxc6 d4 18. Bd2 Rc8 19. Qb7 Rb8 20. Qxa6
Ra8 21. Qb5 Bxa2 22. Bc4 Bxc4 23. Qxc4 Qf6 24. g5 Qd6 25. Kb1 Rh3 26. Rgf1
Be7 27. b3 Qa3 28. Bc1 Qb4 29. Qxb4 Bxb4 30. f4 Rh4 31. Rh1 Rxh1 32. Rxh1
Ke7 33. f5 Ra6 34. Rh7 Nc5 35. Bd2 Rxa4 36. fxg6 Bxd2 37. Rxf7+ Ke6 38.
Rf6+ Ke7 39. bxa4 Nxe4 40. Rf5 1-0

[Event "RUS vs. ROW"]
[Site "Moscow RUS"]
[Date "2002.09.08"]
[Round "1"]
[White "Short,N"]
[Black "Svidler,P"]
[Result "1/2-1/2"]
[WhiteElo "2682"]
[BlackElo "2690"]
[EventDate "2002.09.08"]

1. e4 c5 2. b3 b6 3. Bb2 Bb7 4. Nc3 e6 5. f4 a6 6. Nf3 d5 7. d3 Nf6 8. e5
Nfd7 9. g3 Nc6 10. Bg2 b5 11. O-O Nb6 12. d4 c4 13. Ne2 g6 14. g4 h5 15. h3
Qc7 16. c3 a5 17. f5 hxg4 18. hxg4 gxf5 19. gxf5 exf5 20. Qc2 Bc8 21. Kf2
b4 22. Rh1 Rxh1 23. Rxh1 bxc3 24. Bxc3 Nb4 25. Bxb4 axb4 26. Rh7 Be6 27.
Bh3 Qa7 28. Nc1 Rc8 29. Qd2 cxb3 30. Nxb3 Nc4 31. Qd3 Qxa2+ 32. Kg3 Qb2 33.
Bxf5 Qc3 34. Kf4 Qxd3 35. Bxd3 Ra8 36. Ng5 Ra3 37. Bc2 Be7 38. Nxe6 fxe6
39. Bd1 Ra2 40. Bg4 Rf2+ 41. Kg3 Rb2 42. Nc5 Bxc5 43. dxc5 Nxe5 44. Bxe6
Rc2 45. Rb7 Rc3+ 46. Kg2 Nd3 47. Bd7+ Kd8 48. Bf5 Nxc5 49. Rxb4 Ke7 50. Kf2
Kf6 51. Bb1 Ke5 52. Ke2 Rh3 53. Bc2 Rh2+ 54. Kd1 d4 55. Rb5 Kd5 56. Bb3+
Kc6 57. Rb4 d3 58. Bc4 Rf2 59. Rb8 Rf4 60. Bb5+ Kc7 61. Rh8 Rb4 62. Bxd3
Nxd3 63. Kd2 Nc5 64. Rh6 Kd7 65. Ke3 Ne6 66. Kd3 Kd6 67. Kc3 Rg4 68. Rh5
Nf4 69. Ra5 Nd5+ 70. Kd3 Ke5 71. Ra8 Rg3+ 72. Ke2 Rb3 73. Re8+ Kd4 74. Kf2
1/2-1/2

[Event "RUS vs. ROW"]
[Site "Moscow RUS"]
[Date "2002.09.08"]
[Round "1"]
[White "Karpov,An"]
[Black "Smirin,I"]
[Result "0-1"]
[WhiteElo "2687"]
[BlackElo "2676"]
[EventDate "2002.09.08"]

1. d4 Nf6 2. Nf3 g6 3. g3 Bg7 4. Bg2 O-O 5. c4 d5 6. O-O dxc4 7. Na3 c3 8.
bxc3 c5 9. e3 Nc6 10. Qe2 Bf5 11. Rd1 Qa5 12. Bb2 Rfd8 13. Nd2 cxd4 14.
cxd4 Bg4 15. f3 Be6 16. Nb3 Bxb3 17. axb3 Qb4 18. Rd3 Rac8 19. Nc4 Qb5 20.
e4 Nd7 21. Rad1 Nb6 22. Bh3 Rc7 23. Nxb6 Qxb6 24. Qf2 e6 25. f4 Rcd7 26. e5
Nb4 27. R3d2 Nd5 28. Rd3 Rc7 29. Bg2 Bf8 30. g4 Nb4 31. R3d2 Rdc8 32. Be4
Na2 33. f5 Qxb3 34. Rd3 Nc3 35. Bxc3 Rxc3 36. Kg2 b5 37. d5 Bc5 38. Qf3
Rxd3 39. Rxd3 Qb2+ 40. Kh3 exf5 41. gxf5 Qxe5 42. Rd2 Bd6 43. Re2 Rc3 44.
Bd3 Qf4 45. Qe3 h5 46. Kg2 Qxh2+ 47. Kf1 Qh1+ 48. Kf2 Bc5 0-1

[Event "RUS vs. ROW"]
[Site "Moscow RUS"]
[Date "2002.09.08"]
[Round "1"]
[White "Khalifman,A"]
[Black "Radjabov,T"]
[Result "1/2-1/2"]
[WhiteElo "2690"]
[BlackElo "2610"]
[EventDate "2002.09.08"]

1. d4 Nf6 2. c4 g6 3. Nf3 Bg7 4. g3 O-O 5. Bg2 d6 6. O-O Nc6 7. Nc3 a6 8.
d5 Na5 9. Nd2 c5 10. Qc2 Rb8 11. b3 b5 12. Bb2 bxc4 13. bxc4 Bh6 14. f4 Ng4
15. Nd1 Rxb2 16. Qxb2 Bg7 17. Qc1 e5 18. dxe6 Bxe6 19. Rb1 Bd4+ 20. Kh1 Re8
21. h3 Ne3 22. Nxe3 Bxe3 23. Qc3 Bf5 24. Rbd1 Bd4 25. Qf3 Re3 26. Qa8 Qxa8
27. Bxa8 Bxh3 28. Rf3 Rxe2 29. Ra3 Bg4 30. Bf3 Bxf3+ 31. Nxf3 Nxc4 32. Nxd4
cxd4 33. Rxa6 Nd2 34. Ra3 d5 35. Kg1 h5 36. Rd3 Ne4 37. Ra1 Kg7 38. Kf1 Rh2
39. Kg1 Re2 40. Kf1 Rh2 41. Kg1 Re2 1/2-1/2

[Event "RUS vs. ROW"]
[Site "Moscow RUS"]
[Date "2002.09.08"]
[Round "2"]
[White "Kasparov,G"]
[Black "Leko,P"]
[Result "1/2-1/2"]
[WhiteElo "2838"]
[BlackElo "2722"]
[EventDate "2002.09.08"]

1. e4 c5 2. Nf3 Nc6 3. Nc3 e5 4. Bc4 d6 5. d3 Be7 6. Nd2 Bg5 7. h4 Bxd2+ 8.
Bxd2 Nf6 9. Bg5 h6 10. Bxf6 Qxf6 11. Nd5 Qd8 12. Ne3 Be6 13. Bxe6 fxe6 14.
Qh5+ Kd7 15. c3 Rf8 16. a3 Qf6 17. Qe2 Rf7 18. b4 b6 19. Ra2 Ke8 20. Rh3
Kf8 21. Qh5 Qe7 22. Rg3 Rd8 23. bxc5 dxc5 24. Nc4 Rf4 25. Rh3 Qf6 26. a4
Kg8 27. Re2 Rf8 28. Ree3 Kh7 29. Ref3 g6 30. Qg5 Rxf3 31. gxf3 hxg5 32.
hxg5+ Kg7 33. gxf6+ Rxf6 34. Ke2 Rf8 35. Ke3 g5 36. Rh5 Kg6 37. Rh1 Rb8 38.
Rb1 Kf6 39. Ke2 Ne7 40. Ne3 Ng6 41. Ng4+ Kg7 42. Ke3 a6 43. d4 a5 44. Rh1
Rh8 45. Rxh8 1/2-1/2

[Event "RUS vs. ROW"]
[Site "Moscow RUS"]
[Date "2002.09.08"]
[Round "2"]
[White "Kramnik,V"]
[Black "Ivanchuk,V"]
[Result "1/2-1/2"]
[WhiteElo "2807"]
[BlackElo "2711"]
[EventDate "2002.09.08"]

1. d4 d5 2. c4 dxc4 3. Nf3 e6 4. e3 c5 5. Bxc4 a6 6. O-O Nf6 7. Bb3 Be7 8.
Qe2 cxd4 9. Rd1 Nc6 10. Nc3 O-O 11. Nxd4 Qc7 12. Nxc6 Qxc6 13. e4 b5 14.
Bg5 h6 15. Bh4 Bb7 16. Rac1 Qe8 17. e5 Nd7 18. Bxe7 Qxe7 19. Ne4 Nxe5 20.
Nd6 Ng6 21. Qg4 Rad8 22. Nxf7 Rxd1+ 23. Rxd1 Kxf7 24. Qf5+ Kg8 25. Qxg6 Bd5
26. Bxd5 exd5 27. Qd3 Rd8 28. Qd4 Qf6 29. Qxf6 gxf6 30. Kf1 Kf7 31. Ke2 Ke6
32. Kd3 Kd6 33. Re1 h5 34. Re3 h4 35. Rh3 Rg8 36. g3 hxg3 37. fxg3 Rc8 38.
Rh7 Rc1 39. Ra7 Rd1+ 40. Kc2 1/2-1/2

[Event "RUS vs. ROW"]
[Site "Moscow RUS"]
[Date "2002.09.08"]
[Round "2"]
[White "Rublevsky,S"]
[Black "Polgar,Ju"]
[Result "1-0"]
[WhiteElo "2658"]
[BlackElo "2681"]
[EventDate "2002.09.08"]

1. e4 c5 2. Nf3 e6 3. c4 Nc6 4. Nc3 Nf6 5. Be2 Qb6 6. O-O Be7 7. a3 O-O 8.
b4 d6 9. Rb1 Qc7 10. d4 cxd4 11. Nxd4 Rd8 12. Be3 d5 13. exd5 exd5 14. Nxd5
Nxd5 15. cxd5 Rxd5 16. Bf3 Bg4 17. Nb5 Rxb5 18. Bxg4 Rd8 19. Qc2 Bd6 20. g3
h5 21. Qe2 Rd5 22. Bxh5 Nd4 23. Qg4 Be5 24. Rbc1 Qe7 25. Qe4 f5 26. Qg2 f4
27. Bxd4 Bxd4 28. Rfe1 Re5 29. Rxe5 Qxe5 30. Bf3 fxg3 31. hxg3 Bb6 32. Bxb7
Rd3 33. Bf3 Rxa3 34. Kh1 Rd3 35. Be4 Qh5+ 36. Kg1 Rd2 37. Rf1 Rd4 38. Bb1
Qe2 39. Qh3 Qg4 40. Ba2+ Kf8 41. Qh8+ Ke7 42. Re1+ Re4 43. Rxe4+ Qxe4 44.
Qxg7+ Kd6 45. Qf6+ Kd7 46. Qf7+ Kd6 47. Bc4 Qe1+ 48. Kg2 Qxb4 49. Qf8+ 1-0

[Event "RUS vs. ROW"]
[Site "Moscow RUS"]
[Date "2002.09.08"]
[Round "2"]
[White "Radjabov,T"]
[Black "Karpov,An"]
[Result "1-0"]
[WhiteElo "2610"]
[BlackElo "2687"]
[EventDate "2002.09.08"]

1. d4 Nf6 2. c4 e6 3. Nf3 b6 4. a3 Bb7 5. Nc3 d5 6. cxd5 Nxd5 7. e3 g6 8.
Bb5+ c6 9. Ba4 Bg7 10. O-O O-O 11. e4 Nxc3 12. bxc3 c5 13. Bg5 Qd6 14. Re1
Nc6 15. e5 Qc7 16. Qd2 Na5 17. Rac1 Bd5 18. Qf4 Rfc8 19. h4 Qb7 20. Bf6 Bf8
21. Nh2 cxd4 22. cxd4 Rxc1 23. Rxc1 Bxg2 24. Ng4 h5 25. Ne3 Be4 26. Bd1 b5
27. d5 Bxd5 28. Nxd5 exd5 29. e6 Nc4 30. Qg5 Kh7 31. Bc2 Bg7 32. Re1 Re8
33. Qxh5+ Kg8 34. Bxg6 fxg6 35. Qxg6 Re7 36. h5 Kf8 37. Bxe7+ Qxe7 38. h6
Bf6 39. Kh1 1-0

[Event "RUS vs. ROW"]
[Site "Moscow RUS"]
[Date "2002.09.09"]
[Round "3"]
[White "Smirin,I"]
[Black "Grischuk,A"]
[Result "1/2-1/2"]
[WhiteElo "2676"]
[BlackElo "2702"]
[EventDate "2002.09.08"]

1. e4 e5 2. Nf3 Nc6 3. Bb5 a6 4. Ba4 Nf6 5. O-O Be7 6. Re1 b5 7. Bb3 O-O 8.
a4 b4 9. d3 d6 10. a5 Be6 11. Nbd2 Qc8 12. Nc4 Rb8 13. h3 h6 14. Be3 Rd8
15. Qe2 Bf8 16. Ncd2 Bxb3 17. Nxb3 Re8 18. Nfd2 d5 19. exd5 Nxd5 20. Qf3
Rb5 21. Nc4 Qd7 22. Rad1 f5 23. Bc1 g6 24. Re2 Kh7 25. Rde1 Bg7 26. Qg3 Qf7
27. Qf3 Qd7 28. Qg3 Qf7 29. Qf3 1/2-1/2

[Event "RUS vs. ROW"]
[Site "Moscow RUS"]
[Date "2002.09.09"]
[Round "3"]
[White "Gelfand,B"]
[Black "Kasparov,G"]
[Result "1/2-1/2"]
[WhiteElo "2710"]
[BlackElo "2838"]
[EventDate "2002.09.08"]

1. d4 d5 2. c4 c6 3. Nc3 Nf6 4. Nf3 a6 5. a4 e6 6. Bg5 Nbd7 7. a5 dxc4 8.
e4 h6 9. Bxf6 Nxf6 10. Qa4 Bd7 11. Ne5 c5 12. Nxd7 Qxd7 13. d5 Qxa4 14.
Rxa4 exd5 15. Nxd5 Nxd5 16. exd5 O-O-O 17. Bxc4 Bd6 18. O-O Rhe8 19. g3 Re4
20. b3 Rde8 21. Ra2 Rd4 22. Rc1 Kd7 23. Kf1 f5 24. Re1 Rxe1+ 25. Kxe1 Bc7
26. Kf1 g5 27. Kg2 h5 28. h3 h4 29. gxh4 Rxh4 30. Ra1 Kd6 31. Ra2 Bd8 32.
Ra1 Rd4 33. Ra2 Rf4 34. Ra1 Bf6 35. Ra2 Bc3 36. f3 Rd4 37. Re2 Bxa5 38.
Re6+ Kd7 39. Rg6 Bd2 40. Rg7+ Kc8 41. Rg8+ Kc7 42. Rg7+ Kb8 43. Rg8+ Ka7
44. Rg7 Bf4 45. Rf7 Kb6 46. Kf1 Rd1+ 47. Ke2 Rd2+ 48. Ke1 Rh2 49. d6 Bxd6
50. Bd5 Bc7 51. Rf6+ Kb5 52. Bxb7 a5 53. Rxf5 Bf4 54. Bd5 Kb4 55. Rf7 Rxh3
56. Rb7+ Kc3 57. Rb5 Kd4 58. Bc6 Rh6 59. Bb7 Rh1+ 60. Kf2 Rh2+ 61. Kg1 Ra2
62. Bc6 Be3+ 63. Kf1 Rf2+ 64. Ke1 Rb2 65. Rb7 Kc3 66. Bd5 c4 67. Rc7 Bd2+
68. Kd1 Rb1+ 69. Ke2 Re1+ 70. Kf2 Kxb3 71. Rxc4 Kb2 72. Be4 Rc1 73. Rxc1
Bxc1 74. Bc6 Kb3 75. Bd5+ Kb4 76. Ke2 1/2-1/2

[Event "RUS vs. ROW"]
[Site "Moscow RUS"]
[Date "2002.09.09"]
[Round "4"]
[White "Svidler,P"]
[Black "Smirin,I"]
[Result "1/2-1/2"]
[WhiteElo "2690"]
[BlackElo "2676"]
[EventDate "2002.09.08"]

1. e4 c5 2. Nf3 Nc6 3. Nc3 e5 4. Bc4 d6 5. d3 Be7 6. Nd2 Bg5 7. Qh5 Nh6 8.
h3 Nd4 9. Bb5+ Kf8 10. Qd1 f5 11. Bc4 g6 12. exf5 Nhxf5 13. Nde4 Bxc1 14.
Qxc1 Kg7 15. O-O b5 16. Bxb5 d5 17. Ng3 Rf8 18. Nxf5+ Bxf5 19. f4 Qd6 20.
Ba4 Be6 21. f5 Bxf5 22. Qe3 Rab8 23. Rae1 Rxb2 24. Qxe5+ Qxe5 25. Rxe5 Be6
26. Rxf8 Kxf8 27. Nxd5 Rxa2 28. Bb3 Nxb3 29. cxb3 Bf7 30. Nf6 Bxb3 31. Rxc5
a5 32. Rc7 h5 33. d4 Rd2 34. d5 Bxd5 35. Rd7 Rxg2+ 1/2-1/2

[Event "RUS vs. ROW"]
[Site "Moscow RUS"]
[Date "2002.09.09"]
[Round "5"]
[White "Ivanchuk,V"]
[Black "Rublevsky,S"]
[Result "1-0"]
[WhiteElo "2711"]
[BlackElo "2658"]
[EventDate "2002.09.08"]

1. d4 d5 2. c4 dxc4 3. e4 e5 4. Nf3 exd4 5. Bxc4 Bb4+ 6. Bd2 Bxd2+ 7. Nbxd2
Qf6 8. Nb3 Nc6 9. Bb5 Nge7 10. Qxd4 Qxd4 11. Nfxd4 Bd7 12. Nc5 O-O-O 13.
O-O-O Be8 14. Ne2 b6 15. Ba6+ Kb8 16. Rxd8+ Nxd8 17. Rd1 Ndc6 18. Nd7+ Bxd7
19. Rxd7 Rd8 20. Rd2 Rd6 21. a3 Ne5 22. f4 Ng4 23. h3 Nf6 24. e5 Rxd2 25.
Kxd2 Nfd5 26. Bd3 h6 27. f5 c6 28. g4 Kc7 29. h4 Kd7 30. b4 f6 31. exf6
gxf6 32. Nd4 Kd6 33. Nf3 c5 34. b5 Nc8 35. Bc4 Nc7 36. Ke3 Ke7 37. a4 Nd6
38. Nd2 Kf8 39. Kd3 Ke7 40. Ne4 Nxe4 41. Kxe4 Kd6 42. Kf4 Ke7 43. Ke4 Kd6
44. g5 fxg5 45. hxg5 hxg5 46. f6 Ne6 47. Kf5 Nf8 48. f7 g4 49. Kxg4 Ke5 50.
Kg5 Kd4 51. Ba2 Ke5 52. Bb3 Nd7 53. Kg6 Kd4 54. Kg7 c4 55. Bc2 Ke5 56. Bd1
c3 57. Bg4 c2 58. Bxd7 c1=Q 59. f8=Q Qg5+ 60. Kf7 Qh5+ 61. Ke7 Qh4+ 62. Ke8
Qxa4 63. Qe7+ Kd5 64. Be6+ Ke4 1-0

[Event "RUS vs. ROW"]
[Site "Moscow RUS"]
[Date "2002.09.10"]
[Round "6"]
[White "Azmaiparashvili,Z"]
[Black "Grischuk,A"]
[Result "1/2-1/2"]
[WhiteElo "2676"]
[BlackElo "2702"]
[EventDate "2002.09.08"]

1. d4 Nf6 2. c4 e6 3. Nf3 b6 4. a3 Bb7 5. Nc3 d5 6. cxd5 Nxd5 7. Qa4+ Nd7
8. Nxd5 Bxd5 9. Bg5 Be7 10. Bxe7 Qxe7 11. Ne5 a6 12. Qxd7+ Qxd7 13. Nxd7
Kxd7 14. f3 f5 15. e3 Rhc8 16. Rc1 c5 17. dxc5 Rxc5 18. Kd2 Rxc1 1/2-1/2

[Event "RUS vs. ROW"]
[Site "Moscow RUS"]
[Date "2002.09.10"]
[Round "6"]
[White "Karpov,An"]
[Black "Ivanchuk,V"]
[Result "1/2-1/2"]
[WhiteElo "2687"]
[BlackElo "2711"]
[EventDate "2002.09.08"]

1. d4 Nf6 2. Nf3 d5 3. c4 dxc4 4. e3 e6 5. Bxc4 c5 6. O-O a6 7. dxc5 Qxd1
8. Rxd1 Bxc5 9. Nbd2 O-O 10. Be2 Rd8 11. b3 b6 12. Bb2 Bb7 13. Rac1 Nbd7
14. Nc4 Rac8 15. Kf1 Bd5 16. Nce5 Nxe5 17. Nxe5 b5 18. Bf3 Bf8 19. Ke2 Ne4
20. Bxe4 Bxe4 21. Rxd8 Rxd8 22. f3 Ba8 23. Rc7 f6 24. Nd3 b4 25. Bd4 Bd6
26. Rc1 Bb7 27. Bb6 Rc8 28. Rxc8+ Bxc8 29. h3 Bd7 30. e4 Bb5 31. Ke3 Kf7
32. Ba5 e5 33. Bxb4 Bxd3 34. Bxd6 Bf1 35. Kf2 Bd3 36. h4 Bb1 37. a3 Bc2 38.
b4 h5 39. Ke3 Ke6 40. Bc7 Ba4 41. g4 hxg4 42. fxg4 Bd1 43. g5 fxg5 44. hxg5
Ba4 1/2-1/2

[Event "RUS vs. ROW"]
[Site "Moscow RUS"]
[Date "2002.09.10"]
[Round "6"]
[White "Kasparov,G"]
[Black "Short,N"]
[Result "1/2-1/2"]
[WhiteElo "2838"]
[BlackElo "2682"]
[EventDate "2002.09.08"]

1. e4 Nf6 2. e5 Nd5 3. d4 d6 4. Nf3 dxe5 5. Nxe5 c6 6. Be2 Bf5 7. g4 Be6 8.
c4 Nb6 9. b3 f6 10. Nd3 Qxd4 11. Bb2 Qd8 12. Nc3 Na6 13. Qd2 Qc7 14. O-O-O
O-O-O 15. Qe3 Bf7 16. f4 Kb8 17. h4 e6 18. Ne4 Nd7 19. h5 h6 20. g5 Be7 21.
g6 Be8 22. Kb1 Qb6 23. Bd4 c5 24. Bb2 Ka8 25. Ng3 Ndb8 26. Rhe1 Bd7 27. Nf5
exf5 28. Qxe7 Rhg8 29. Bf3 Bc6 30. Bxc6 Qxc6 31. Qe6 Qxe6 32. Rxe6 Nc6 33.
Nf2 Nc7 34. Ree1 Kb8 35. Bc3 Kc8 36. Kc2 Rge8 37. Rxd8+ Kxd8 38. Rxe8+ Nxe8
39. Nd1 Kd7 40. Ne3 Ke6 41. Kd3 Nd6 42. Nd5 Ne4 43. Nc7+ Kd7 44. Nd5 Ne7
45. Nxe7 Kxe7 46. Be1 Kd7 47. a4 b6 48. Ke3 Kc6 49. Kd3 a6 50. Ke3 b5 51.
Kd3 bxa4 52. bxa4 Kb6 53. Kc2 Nd6 54. Kd3 Nc8 55. Bc3 Ne7 56. Ke3 1/2-1/2

[Event "RUS vs. ROW"]
[Site "Moscow RUS"]
[Date "2002.09.10"]
[Round "6"]
[White "Kramnik,V"]
[Black "Polgar,Ju"]
[Result "1/2-1/2"]
[WhiteElo "2807"]
[BlackElo "2681"]
[EventDate "2002.09.08"]

1. d4 Nf6 2. c4 e6 3. Nf3 b6 4. g3 Ba6 5. b3 Bb4+ 6. Bd2 Be7 7. Bg2 c6 8.
O-O d5 9. Qc2 Nbd7 10. Rd1 Rc8 11. a4 c5 12. Na3 Bb7 13. Qb2 Ne4 14. Be1
O-O 15. Rac1 Bf6 16. b4 Ba8 17. e3 cxd4 18. exd4 dxc4 19. Nxc4 Ng5 20. Nxg5
Bxg5 21. f4 Bf6 22. Bxa8 Rxa8 23. Ne5 Rc8 24. Nc6 Qe8 25. b5 Nb8 26. Nxa7
Rxc1 27. Qxc1 Qd7 28. Nc6 Rc8 29. Bf2 Nxc6 30. bxc6 Rxc6 31. Qb1 Qd5 32.
Qb5 Qf3 33. Qd3 Qd5 34. Qb5 Qxb5 35. axb5 Rd6 36. Rc1 Rd5 37. Rb1 Bxd4 38.
Bxd4 Rxd4 39. Rc1 g5 40. fxg5 Rd5 41. h4 Rxb5 42. Rc8+ Kg7 43. Kg2 h5 44.
gxh6+ Kxh6 45. g4 Rb3 46. Rc7 Kg7 47. h5 Kf6 48. Rc8 Kg5 49. Rg8+ Kh6 50.
Rh8+ Kg7 51. Rb8 f6 52. Rb7+ Kh6 53. Rf7 Kg5 54. Rg7+ Kf4 55. h6 Rb2+ 56.
Kh3 Rb3+ 57. Kh2 Rb2+ 58. Kh3 Rb3+ 59. Kh2 1/2-1/2

[Event "RUS vs. ROW"]
[Site "Moscow RUS"]
[Date "2002.09.10"]
[Round "7"]
[White "Karpov,An"]
[Black "Gelfand,B"]
[Result "1/2-1/2"]
[WhiteElo "2687"]
[BlackElo "2710"]
[EventDate "2002.09.08"]

1. d4 d5 2. c4 c6 3. Nf3 Nf6 4. e3 Bf5 5. Nc3 e6 6. Nh4 Bg6 7. Nxg6 hxg6 8.
g3 Nbd7 9. Bd2 Be7 10. Qe2 dxc4 11. Qxc4 e5 12. Bg2 Nb6 13. Qd3 O-O 14. Ne2
exd4 15. Qxd4 Nfd5 16. Qe4 Re8 17. Rd1 Bb4 18. Qc2 Qe7 19. O-O Bxd2 20.
Rxd2 Rad8 21. Qc1 Nf6 22. Rfd1 Rd7 23. Rxd7 Nbxd7 24. Qd2 Nc5 25. Qb4 Ne6
26. Qxe7 Rxe7 27. Nc3 Kf8 28. Kf1 g5 29. h3 Rd7 30. Rxd7 Nxd7 31. Ke2 Ke7
32. f4 a5 33. Ne4 gxf4 34. exf4 Nb6 35. Kd3 Nd5 36. Kd2 f5 37. Nf2 Kd6 38.
Nd3 Nf6 39. Ke3 Nd5+ 40. Kd2 Nf6 41. Ke3 Nd5+ 42. Kd2 b5 43. Bf3 Nd4 44.
Bg2 Ne6 45. Bf3 Nd4 1/2-1/2

[Event "RUS vs. ROW"]
[Site "Moscow RUS"]
[Date "2002.09.10"]
[Round "7"]
[White "Ivanchuk,V"]
[Black "Grischuk,A"]
[Result "1/2-1/2"]
[WhiteElo "2711"]
[BlackElo "2702"]
[EventDate "2002.09.08"]

1. e4 e5 2. Nf3 Nc6 3. Bb5 a6 4. Bxc6 dxc6 5. O-O f6 6. d4 Bg4 7. c3 Bd6 8.
Be3 Qe7 9. Nbd2 O-O-O 10. dxe5 fxe5 11. b4 Nf6 12. a4 c5 13. Rb1 cxb4 14.
Qc2 Bxf3 15. gxf3 g5 16. cxb4 g4 17. b5 gxf3 18. Nxf3 axb5 19. axb5 Rhg8+
20. Kh1 Ng4 21. Ra1 Kd7 22. Qe2 Qf6 23. Rg1 Nxe3 24. fxe3 Rdf8 25. Rxg8
Rxg8 26. b6 Rf8 27. Nd2 cxb6 28. Rf1 Qe6 29. Qb5+ Ke7 30. Rxf8 Kxf8 31.
Qxb6 Qd7 32. Nc4 Ke7 33. Qb1 Bc7 34. Qg1 Qe6 35. Na3 Qg6 36. Qb1 Qg4 37.
Qxb7 Qd1+ 38. Kg2 Qe2+ 39. Kg3 Qxe3+ 40. Kg2 Qe2+ 41. Kg3 Qe3+ 42. Kg2
1/2-1/2

[Event "RUS vs. ROW"]
[Site "Moscow RUS"]
[Date "2002.09.10"]
[Round "7"]
[White "Kramnik,V"]
[Black "Smirin,I"]
[Result "0-1"]
[WhiteElo "2807"]
[BlackElo "2676"]
[EventDate "2002.09.08"]

1. d4 Nf6 2. c4 g6 3. Nc3 Bg7 4. e4 d6 5. Nf3 O-O 6. Be2 e5 7. O-O Nc6 8.
d5 Ne7 9. b4 Nh5 10. Re1 a5 11. bxa5 f5 12. Nd2 Nf6 13. c5 Rxa5 14. cxd6
cxd6 15. a4 Bh6 16. Ba3 Bxd2 17. Qxd2 fxe4 18. Bb5 Bf5 19. h3 Ra8 20. g4
Bc8 21. Nxe4 Nxe4 22. Rxe4 Bd7 23. Bf1 Bxa4 24. Bb4 b5 25. Ra3 Rc8 26. Rc3
Qb6 27. Bg2 Rxc3 28. Bxc3 Bb3 29. Re1 Bc4 30. Ba5 Qb7 31. Rd1 Rf4 32. Bc3
Bb3 33. Bxe5 dxe5 34. d6 Qd7 35. Rc1 Bc4 36. Qb4 Nc8 37. Qc5 Nxd6 38. Qxe5
Rf8 39. Rd1 Nf7 0-1

[Event "RUS vs. ROW"]
[Site "Moscow RUS"]
[Date "2002.09.10"]
[Round "7"]
[White "Bareev,E"]
[Black "Ponomariov,R"]
[Result "1/2-1/2"]
[WhiteElo "2726"]
[BlackElo "2743"]
[EventDate "2002.09.08"]

1. c4 e5 2. g3 Nf6 3. Bg2 d5 4. cxd5 Nxd5 5. Nc3 Nb6 6. Nf3 Nc6 7. O-O Be7
8. a3 O-O 9. b4 Be6 10. Rb1 f6 11. d3 Nd4 12. Nd2 c6 13. Nde4 Rf7 14. e3
Nb5 15. Nxb5 cxb5 16. Bb2 Na4 17. Ba1 Rc8 18. d4 f5 19. Nc5 Nxc5 20. bxc5
Bc4 21. Bxb7 Rb8 22. Bg2 Bxf1 23. Bxf1 exd4 24. exd4 Kh8 25. Rc1 Rc8 26.
Bxb5 Bf6 27. Qd3 Rf8 28. Bc3 f4 29. g4 f3 30. Rd1 Bh4 31. Qd2 Bg5 32. Qe1
Bf4 33. h3 Bb8 34. Ba5 Qh4 35. Qf1 Qf6 36. Kh1 Qf4 37. Qg1 Qh6 38. Qf1 Qf4
39. Qg1 Qh6 40. Qf1 Qf4 1/2-1/2

[Event "RUS vs. ROW"]
[Site "Moscow RUS"]
[Date "2002.09.10"]
[Round "7"]
[White "Khalifman,A"]
[Black "Shirov,A"]
[Result "1/2-1/2"]
[WhiteElo "2690"]
[BlackElo "2697"]
[EventDate "2002.09.08"]

1. c4 e5 2. Nc3 Nf6 3. Nf3 Nc6 4. g3 Bb4 5. Bg2 O-O 6. O-O d6 7. d3 h6 8.
Bd2 Re8 9. a3 Bxc3 10. Bxc3 e4 11. Nd4 Nxd4 12. Bxd4 Bf5 13. Qd2 c5 14. Bc3
Qe7 15. Qf4 Bg6 16. Bxf6 Qxf6 17. Qxf6 gxf6 18. dxe4 Bxe4 19. e3 a6 20.
Rfd1 Bxg2 21. Kxg2 Re6 22. a4 Rc8 23. Ra3 Rc6 24. Rb3 b6 25. Rd5 Re4 26.
Rc3 b5 27. b3 Kf8 28. f4 Re8 29. Rh5 Kg7 30. axb5 1/2-1/2

[Event "RUS vs. ROW"]
[Site "Moscow RUS"]
[Date "2002.09.10"]
[Round "7"]
[White "Leko,P"]
[Black "Svidler,P"]
[Result "1/2-1/2"]
[WhiteElo "2722"]
[BlackElo "2690"]
[EventDate "2002.09.08"]

1. e4 e5 2. Nf3 Nc6 3. Bb5 a6 4. Ba4 Nf6 5. O-O Be7 6. Re1 b5 7. Bb3 O-O 8.
a4 b4 9. d3 d6 10. a5 Be6 11. Nbd2 Rb8 12. Bc4 Qc8 13. Nf1 h6 14. Ne3 Re8
15. Nd5 Bd8 16. Bd2 Bxd5 17. Bxd5 Nxd5 18. exd5 Ne7 19. d4 Nxd5 20. dxe5
dxe5 21. Nxe5 Bf6 22. Nc6 Ra8 23. Nxb4 Nxb4 24. Bxb4 Bxb2 25. Rb1 1/2-1/2

[Event "RUS vs. ROW"]
[Site "Moscow RUS"]
[Date "2002.09.10"]
[Round "7"]
[White "Kasparov,G"]
[Black "Radjabov,T"]
[Result "1/2-1/2"]
[WhiteElo "2838"]
[BlackElo "2610"]
[EventDate "2002.09.08"]

1. e4 e6 2. d4 d5 3. Nc3 Nf6 4. e5 Nfd7 5. f4 c5 6. Nf3 Qb6 7. Be3 a6 8. a3
Nc6 9. dxc5 Bxc5 10. Na4 Qa5+ 11. b4 Qxa4 12. bxc5 O-O 13. c4 Qa5+ 14. Qd2
Rd8 15. cxd5 Qxd2+ 16. Bxd2 exd5 17. Rc1 Re8 18. Kf2 f6 19. e6 Rxe6 20. Bd3
Re8 21. g4 Nf8 22. Rhg1 Bd7 23. Bb1 Ne6 24. Ba2 Nc7 25. Rb1 Rab8 26. f5 Re4
27. g5 Bxf5 28. gxf6 Bg6 29. Rxg6 hxg6 30. Ng5 Re5 31. f7+ Kf8 32. Bf4 Rf5
33. Kg3 Nb5 34. Re1 Rxg5+ 35. Bxg5 Nc3 36. Bb1 Kxf7 37. Rf1+ Ke6 38. Bxg6
Ne4+ 39. Bxe4 dxe4 40. Rd1 Ne5 41. Rd6+ Kf5 42. Rd5 Re8 43. Be3 Re6 44. h3
Kg6 45. Kf4 Nd3+ 46. Kg4 Ne5+ 47. Kf4 Nc4 48. Rg5+ Kf7 49. Bd4 g6 50. Rg3
e3 51. Rg1 Nd2 52. Kg3 e2 53. Re1 Re4 54. Bg1 Ke6 55. Kf2 Kd5 56. Rxe2
Rxe2+ 57. Kxe2 Ne4 58. Kf3 Nxc5 59. Kg4 Ne6 60. a4 b5 61. axb5 axb5 62. Bf2
b4 63. Be1 b3 64. Bc3 Ke4 65. h4 Kd3 66. Bb2 Kc2 67. Ba1 Kd3 68. Bb2 Ke4
69. Ba1 Nd4 70. Kg5 Nf3+ 71. Kg4 Nd4 72. Kg5 Nf5 73. Bb2 Kf3 74. Ba1 Kg3
75. h5 gxh5 76. Kxf5 h4 77. Ke4 Kf2 78. Kd3 h3 1/2-1/2

[Event "RUS vs. ROW"]
[Site "Moscow RUS"]
[Date "2002.09.10"]
[Round "8"]
[White "Radjabov,T"]
[Black "Rublevsky,S"]
[Result "1/2-1/2"]
[WhiteElo "2610"]
[BlackElo "2658"]
[EventDate "2002.09.08"]

1. d4 d5 2. c4 dxc4 3. e4 e5 4. Nf3 exd4 5. Bxc4 Bb4+ 6. Nbd2 Nc6 7. O-O
Nf6 8. e5 Nd5 9. Nb3 Nb6 10. Bb5 Qd5 11. Bxc6+ Qxc6 12. Bd2 Be7 13. Rc1 Qg6
14. Rxc7 Nd5 15. Rc4 d3 16. Ne1 Be6 17. Rd4 O-O 18. Nxd3 b6 19. f4 Rfd8 20.
Qf3 Bg4 21. f5 Bxf3 22. fxg6 Bh5 23. gxh7+ Kxh7 24. Rc1 a5 25. a4 Ra7 26.
Kf1 Rad7 27. Rcc4 Bg6 28. Ke1 b5 29. axb5 Nb6 30. Rxd7 Rxd7 31. Rc6 Rxd3
32. Nc1 Rd5 33. Rxb6 Rxe5+ 34. Kd1 Rd5 35. Ke1 Re5+ 36. Kd1 Rd5 37. Ke1
Re5+ 1/2-1/2

[Event "RUS vs. ROW"]
[Site "Moscow RUS"]
[Date "2002.09.10"]
[Round "8"]
[White "Svidler,P"]
[Black "Ivanchuk,V"]
[Result "1/2-1/2"]
[WhiteElo "2690"]
[BlackElo "2711"]
[EventDate "2002.09.08"]

1. e4 e5 2. Nf3 Nc6 3. Bb5 a6 4. Ba4 d6 5. O-O Bd7 6. d4 Nf6 7. Bxc6 Bxc6
8. Re1 Be7 9. Nc3 exd4 10. Nxd4 Bd7 11. h3 O-O 12. Qf3 c6 13. Bf4 Qb6 14.
Rad1 Rad8 15. g4 Ne8 16. Nf5 Bxf5 17. exf5 Bf6 18. g5 Bxc3 19. Qxc3 Rd7 20.
f6 Qd8 21. Kh1 Nc7 22. Qg3 Re8 23. Rxe8+ Qxe8 24. fxg7 Qe4+ 25. Kh2 Nd5 26.
Bxd6 Qxc2 27. Rg1 Rd8 28. Be5 Qe2 29. Rg2 Re8 30. f4 Qe4 31. Rf2 a5 32. h4
Ne3 33. Qf3 Rxe5 34. fxe5 Qxh4+ 35. Kg1 Qxg5+ 36. Kh1 Qh4+ 37. Kg1 1/2-1/2

[Event "RUS vs. ROW"]
[Site "Moscow RUS"]
[Date "2002.09.10"]
[Round "8"]
[White "Akopian,V"]
[Black "Kasparov,G"]
[Result "1-0"]
[WhiteElo "2678"]
[BlackElo "2838"]
[EventDate "2002.09.08"]

1. e4 c5 2. Nf3 Nc6 3. Bb5 e6 4. O-O Nge7 5. b3 a6 6. Bxc6 Nxc6 7. Bb2 b5
8. c4 bxc4 9. bxc4 Rb8 10. Bc3 d6 11. Na3 e5 12. Nc2 Be7 13. Ne3 O-O 14. d3
Qe8 15. Rb1 Rxb1 16. Qxb1 Bd8 17. Nd2 g6 18. Nd5 f5 19. exf5 gxf5 20. f4
Rf7 21. Qe1 Rg7 22. Nf3 Qg6 23. g3 Rf7 24. fxe5 f4 25. exd6 fxg3 1-0

[Event "RUS vs. ROW"]
[Site "Moscow RUS"]
[Date "2002.09.10"]
[Round "8"]
[White "Shirov,A"]
[Black "Karpov,An"]
[Result "1/2-1/2"]
[WhiteElo "2697"]
[BlackElo "2687"]
[EventDate "2002.09.08"]

1. e4 c6 2. d4 d5 3. Nc3 dxe4 4. Nxe4 Nd7 5. Ng5 Ngf6 6. Bd3 e6 7. N1f3 Bd6
8. Qe2 h6 9. Ne4 Nxe4 10. Qxe4 Qc7 11. Qg4 Kf8 12. O-O c5 13. b3 e5 14. c3
b6 15. Re1 cxd4 16. cxd4 Nc5 17. Bf5 h5 18. Qh3 Nd3 19. Rd1 e4 20. Ne5 Bxe5
21. dxe5 Bxf5 22. Qxf5 Qxe5 23. Qxe5 Nxe5 24. Rd4 f6 25. Rxe4 1/2-1/2